Solar terrestrial physics (Record no. 9198)
[ view plain ]
| 000 -LEADER | |
|---|---|
| fixed length control field | 00682nam a2200217Ia 4500 |
| 003 - CONTROL NUMBER IDENTIFIER | |
| control field | IN-BaIIA |
| 008 - FIXED-LENGTH DATA ELEMENTS--GENERAL INFORMATION | |
| fixed length control field | 211028s9999 xx 000 0 eng d |
| 040 ## - CATALOGING SOURCE | |
| Transcribing agency | IIA Library |
| 080 ## - UNIVERSAL DECIMAL CLASSIFICATION NUMBER | |
| Universal Decimal Classification number | 523.9(082.1) |
| Item number | KUN |
| 100 ## - MAIN ENTRY--PERSONAL NAME | |
| Personal name | Kundu, M. R. |
| 9 (RLIN) | 4801 |
| 245 #0 - TITLE STATEMENT | |
| Title | Solar terrestrial physics |
| Statement of responsibility, etc. | M. R. Kundu…[et al.] |
| 260 ## - PUBLICATION, DISTRIBUTION, ETC. | |
| Place of publication, distribution, etc. | New Delhi |
| Name of publisher, distributor, etc. | National Physical Laboratory |
| Date of publication, distribution, etc. | 1986 |
| 300 ## - PHYSICAL DESCRIPTION | |
| Extent | xxi, 533p. |
| 650 ## - SUBJECT ADDED ENTRY--TOPICAL TERM | |
| Topical term or geographic name entry element | Astronomy and Astrophysics Thesaurus |
| 650 ## - SUBJECT ADDED ENTRY--TOPICAL TERM | |
| Topical term or geographic name entry element | Solar Planetary Relations |
| 9 (RLIN) | 1464 |
| 650 ## - SUBJECT ADDED ENTRY--TOPICAL TERM | |
| Topical term or geographic name entry element | Solar system |
| 700 ## - ADDED ENTRY--PERSONAL NAME | |
| Personal name | Biswas, S |
| 9 (RLIN) | 11573 |
| 700 ## - ADDED ENTRY--PERSONAL NAME | |
| Personal name | Ramadurai, S. |
| 9 (RLIN) | 11575 |
| 700 ## - ADDED ENTRY--PERSONAL NAME | |
| Personal name | Reddy, B. M |
| 9 (RLIN) | 15449 |
| 942 ## - ADDED ENTRY ELEMENTS (KOHA) | |
| Koha item type | Books |
| Withdrawn status | Lost status | Damaged status | Not for loan | Home library | Current library | Shelving location | Date acquired | Total Checkouts | Full call number | Barcode | Date last seen | Price effective from | Koha item type |
|---|---|---|---|---|---|---|---|---|---|---|---|---|---|
| IIA Library-Bangalore | IIA Library-Bangalore | General Stacks | 523.9(082.1)/ KUN | 10104 | 05/11/2021 | Books |